| 000 | 01638nam a2200229Ia 4500 | ||
|---|---|---|---|
| 003 | Ost | ||
| 005 | 20260507075003.0 | ||
| 008 | 260507s9999||||xx |||||||||||||| ||und|| | ||
| 040 | _cfsecg | ||
| 041 | _aara | ||
| 082 | _a658.403 | ||
| 100 |
_aالفضل، مؤيد _eمؤلف |
||
| 245 | 0 |
_aالأساليب الكمية والنوعية في دعم قرارات المنظمة / _c مؤيد الفضل |
|
| 260 |
_aعمان: _bدار الوراق لللنشر والتوزيع, _c2008 |
||
| 300 |
_a831 صفحة؛ _bإيضاحات ؛ _c24 سم |
||
| 504 | _aملاحق ص. 381 بيبليوغرافيا: ص.823 -828 | ||
| 520 | _aفي هذا الكتاب : مفاهيم عامة في دعم قرارات المنظمة ، الرياضيات الصرفة ، الرياضيات المالية والتحليل المالي في دعم القرار (الفوائد والاستثمار)، الاحصاء الوصفي في دعم القرار ، الاحصاء الاستدلالي في دعم القرار ، السلاسل الزمنية والارقام القياسية في دعم القرار ، البرمجة الخطية في دعم القرار ، البرمجة بأعداد صحيحة integger programming ،النقل والتخصيص في دعم القرار ، نظرية الالعاب في دعم القرار شبكات العمل في دعم القرار ، أسلوب خطوط الانتظار في دعم القرار ، الاساليب النوعية في دعم القرار | ||
| 653 | _aإتخاذ القرار | ||
| 653 | _aالاحصاء | ||
| 653 | _aالاحصاء الوصفي | ||
| 942 | _cكتاب | ||
| 999 |
_c42090 _d42090 |
||